000 nam a22 a 4500
999 _c1320
_d1320
003 AKMAL
005 20170509100258.0
008 170509s1991 my 00 eng d
020 _a9676903086:
_cRgt. 16.80
040 _aAKMAL
_cAKMAL
049 _amal
082 0 4 _a297.4 SUF
090 2 _a297.4
_bSUF
090 _a297.4
_bSUF
100 _aSufi, 'Abd al-Qadir as-
_92599
245 1 4 _aThe way of Muhammad /
_c'Abd Al-Qadir as-Sufi
260 _aBatu Caves :
_bThinker's Library,
_c1991
300 _a202p. :
_bdiagrs ;
_c21cm
521 _aIntended audience: Adult
600 0 _aShadhiliyah
_92600
650 _aSufism
_91283
942 _2ddc
_cBOOK